000 00723nam a2200253Ia 4500
003 OSt
005 20220930071405.0
006 a|||||r|||| 00| 0
007 ta
008 220926b |||||||| |||| 00| 0 hin d
024 _a8426
037 _cTheses
040 _aCRL
_cCRL
_bhin
041 _2hin
_ahin
100 _aBalooni Purushottam
_9528374
110 _aUniversity of Delhi. Faculty of Arts. Department of Sanskrit
245 0 _aKavya-vryah-panchak ki pauranik prashth bhoomi
260 _c1996
650 _aSANSKRIT
700 _a Khan M.I.
700 _aUniversity of Delhi. Faculty of Arts. Department of Sanskrit
942 _cDIS
_2CC
999 _c862269
_d862269